000 00670nam a2200277Ia 4500
005 20260324111632.0
008 008 260324s9999 xx 000 0 eng d
020 _a9781003605652
037 _aEBOOK
040 _aCRL
040 _beng
040 _cCRL
041 _2eng
041 _aeng
084 _qCRL
100 _aShuting Gu
_91139383
245 0 _aComputational Methods for Transition States and Pathways in Rare Events
260 _bTaylor and Francis
260 _c2025
365 _a
365 _b115
856 _uhttp://www.taylorfrancis.com/books/9781003605652
942 _cEBOOK
999 _c1728270
_d1728270